| 000 | 00689nam a2200229 b 4500 | ||
|---|---|---|---|
| 003 | OSt | ||
| 005 | 20151103185550.0 | ||
| 008 | 990112s1996 sp | |||| ||spa | ||
| 020 | _a84-339-3104-0 | ||
| 040 | _cBMC | ||
| 082 | _a853 | ||
| 100 | 1 |
_aTabucchi, Antonio _d1943-2012 |
|
| 245 | 1 | 0 |
_aPequeños equívocos sin importancia _cAntonio Tabucchi ; traducción, Joaquín Jordá |
| 250 | _a3ª ed | ||
| 260 |
_aBarcelona _bAnagrama _c1996 |
||
| 300 |
_a162 p. _c21 cm |
||
| 490 |
_aPanorama de narrativas _v104 |
||
| 595 | _aTraducción de: Piccoli equivoci senza importanza | ||
| 650 | 2 | 4 |
_929384 _aNovela italiana |
| 700 | 1 |
_930835 _aJordá, Joaquín _d1935-2006 |
|
| 942 |
_2ddc _cBK |
||
| 999 |
_c23125 _d23125 |
||